AFI's 100 Years ... 100 Movies -- 10th Anniversary Edition - Statistics

General Stats
  • This quiz has been taken 442 times
    192 since last reset
  • The average score is 66 of 100
Answer Stats
Rank Film Year Director Cast % Correct
2 The Godfather 1972 Francis Ford Coppola Marlon BrandoAl Pacino James Caan Richard Castellano Robert Duvall Sterling Hayden John Marley Richard Conte Diane Keaton
99%
13 Star Wars 1977 George Lucas Mark HamillHarrison Ford Carrie Fisher Peter Cushing Alec Guinness
97%
3 Casablanca 1942 Michael Curtiz Humphrey BogartIngrid Bergman Paul Henreid Claude Rains Conrad Veidt Sydney Greenstreet Peter Lorre
96%
1 Citizen Kane 1941 Orson Welles Orson WellesJoseph Cotten Dorothy Comingore Everett Sloane Ray Collins George Coulouris Agnes Moorehead Paul Stewart Ruth Warrick Erskine Sanford William Alland
95%
14 Psycho 1960 Alfred Hitchcock Anthony PerkinsVera Miles John Gavin Martin Balsam John McIntire Janet Leigh
95%
8 Schindler's List 1993 Steven Spielberg Liam NeesonBen Kingsley Ralph Fiennes Caroline Goodall Jonathan Sagall Embeth Davidtz
95%
24 E.T. the Extra-Terrestrial 1982 Steven Spielberg Dee WallaceHenry Thomas Peter Coyote Robert MacNaughton Drew Barrymore
93%
10 The Wizard of Oz 1939 Victor Fleming Judy GarlandFrank Morgan Ray Bolger Bert Lahr Jack Haley Billie Burke Margaret Hamilton Charley Grapewin
92%
6 Gone with the Wind 1939 Victor Fleming Clark GableVivien Leigh Leslie Howard Olivia de Havilland
91%
32 The Godfather Part II 1974 Francis Ford Coppola Al PacinoRobert Duvall Diane Keaton Robert De Niro Talia Shire Morgana King John Cazale Mariana Hill Lee Strasberg
90%
9 Vertigo 1958 Alfred Hitchcock James StewartKim Novak Barbara Bel Geddes Tom Helmore Henry Jones
90%
66 Raiders of the Lost Ark 1981 Steven Spielberg Harrison FordKaren Allen Paul Freeman Ronald Lacey John Rhys-Davies Denholm Elliott
89%
56 Jaws 1975 Steven Spielberg Roy ScheiderRobert Shaw Richard Dreyfuss Lorraine Gary Murray Hamilton
88%
5 Singin' in the Rain 1952 Stanley DonenGene Kelly Gene KellyDonald O'Connor Debbie Reynolds Jean Hagen Millard Mitchell Cyd Charisse
88%
57 Rocky 1976 John G. Avildsen Sylvester StalloneTalia Shire Burt Young Carl Weathers Burgess Meredith
86%
52 Taxi Driver 1976 Martin Scorsese Robert De NiroJodie Foster Albert Brooks Harvey Keitel Leonard Harris Peter Boyle Cybill Shepherd
86%
35 Annie Hall 1977 Woody Allen Woody AllenDiane Keaton Tony Roberts Carol Kane Paul Simon Janet Margolin Shelley Duvall Christopher Walken Colleen Dewhurst
85%
17 The Graduate 1967 Mike Nichols Anne BancroftDustin Hoffman Katharine Ross
85%
33 One Flew Over the Cuckoo's Nest 1975 Miloš Forman Jack NicholsonLouise Fletcher Will Sampson Danny DeVito Sydney Lassick William Redfield Christopher Lloyd Brad Dourif
84%
22 Some Like It Hot 1959 Billy Wilder Marilyn MonroeTony Curtis Jack Lemmon George Raft Joe E. Brown Pat O'Brien
84%
4 Raging Bull 1980 Martin Scorsese Robert De NiroJoe Pesci Cathy Moriarty
83%
40 The Sound of Music 1965 Robert Wise Julie AndrewsChristopher Plummer Richard Haydn Peggy Wood Charmian Carr Eleanor Parker
83%
83 Titanic 1997 James Cameron Leonardo DiCaprioKate Winslet Billy Zane Kathy Bates Frances Fisher Bernard Hill Jonathan Hyde Danny Nucci David Warner Bill Paxton
83%
94 Pulp Fiction 1994 Quentin Tarantino John TravoltaSamuel L. Jackson Uma Thurman Harvey Keitel Tim Roth Amanda Plummer Maria de Medeiros Ving Rhames Eric Stoltz Rosanna Arquette Christopher Walken Bruce Willis
82%
72 The Shawshank Redemption 1994 Frank Darabont Tim RobbinsMorgan Freeman Bob Gunton William Sadler Clancy Brown Gil Bellows James Whitmore
82%
74 The Silence of the Lambs 1991 Jonathan Demme Jodie FosterAnthony Hopkins Scott Glenn Ted Levine Anthony Heald Kasi Lemmons
82%
76 Forrest Gump 1994 Robert Zemeckis Tom HanksRobin Wright Gary Sinise Mykelti Williamson Sally Field
81%
92 Goodfellas 1990 Martin Scorsese Robert De NiroRay Liotta Joe Pesci Lorraine Bracco Paul Sorvino
81%
20 It's a Wonderful Life 1946 Frank Capra James StewartDonna Reed Lionel Barrymore Thomas Mitchell Henry Travers Beulah Bondi Ward Bond Frank Faylen Gloria Grahame
81%
71 Saving Private Ryan 1998 Steven Spielberg Tom HanksEdward Burns Matt Damon Tom Sizemore Jeremy Davies
81%
48 Rear Window 1954 Alfred Hitchcock James StewartGrace Kelly Wendell Corey Thelma Ritter Raymond Burr
79%
19 On the Waterfront 1954 Elia Kazan Marlon BrandoKarl Malden Lee J. Cobb Rod Steiger Pat Henning Eva Marie Saint
78%
89 The Sixth Sense 1999 M. Night Shyamalan Bruce WillisHaley Joel Osment
Toni Collette Olivia Williams Donnie Wahlberg
78%
25 To Kill a Mockingbird 1962 Robert Mulligan Gregory PeckMary Badham Phillip Alford John Megna Ruth White Paul Fix Brock Peters Frank Overton
78%
30 Apocalypse Now 1979 Francis Ford Coppola Marlon BrandoRobert Duvall Martin Sheen Frederic Forrest Albert Hall Sam Bottoms Laurence Fishburne Dennis Hopper
77%
21 Chinatown 1974 Roman Polanski Jack NicholsonFaye Dunaway John Hillerman Perry Lopez Burt Young John Huston
76%
7 Lawrence of Arabia 1962 David Lean Alec GuinnessAnthony Quinn Jack Hawkins José Ferrer Anthony Quayle Claude Rains Arthur Kennedy Omar Sharif Peter O'Toole
76%
53 The Deer Hunter 1978 Michael Cimino Robert De NiroJohn Cazale John Savage Meryl Streep Christopher Walken
76%
70 A Clockwork Orange 1971 Stanley Kubrick Malcolm McDowellPatrick Magee Adrienne Corri Miriam Karlin
73%
39 Dr. Strangelove or: How I Learned to Stop Worrying and Love the Bomb 1964 Stanley Kubrick Peter SellersGeorge C. Scott Sterling Hayden Keenan Wynn Slim Pickens Tracy Reed
73%
55 North by Northwest 1959 Alfred Hitchcock Cary GrantEva Marie Saint James Mason Jessie Royce Landis
73%
50 The Lord of the Rings: The Fellowship of the Ring 2001 Peter Jackson Elijah WoodIan McKellen Liv Tyler Viggo Mortensen Sean Astin Cate Blanchett John Rhys-Davies Billy Boyd Dominic Monaghan Orlando Bloom Christopher Lee Hugo Weaving Sean Bean Ian Holm Andy Serkis
73%
99 Toy Story 1995 John Lasseter Tom HanksTim Allen Don Rickles Jim Varney Wallace Shawn John Ratzenberger Annie Potts John Morris Erik von Detten
72%
62 American Graffiti 1973 George Lucas Richard DreyfussRon Howard Paul Le Mat Charles Martin Smith Candy Clark Mackenzie Phillips Cindy Williams Wolfman Jack
71%
97 Blade Runner 1982 Ridley Scott Harrison FordRutger Hauer Sean Young Edward James Olmos M. Emmet Walsh Daryl Hannah
71%
15 2001: A Space Odyssey 1968 Stanley Kubrick Keir DulleaGary Lockwood William Sylvester
70%
42 Bonnie and Clyde 1967 Arthur Penn Warren BeattyFaye Dunaway Michael J. Pollard Gene Hackman Estelle Parsons
70%
68 Unforgiven 1992 Clint Eastwood Clint EastwoodGene Hackman Morgan Freeman Richard Harris
69%
63 Cabaret 1972 Bob Fosse Liza MinnelliMichael York Helmut Griem Marisa Berenson Fritz Wepper Joel Grey
68%
43 Midnight Cowboy 1969 John Schlesinger Dustin HoffmanJon Voight Brenda Vaccaro John McGiver Ruth White Sylvia Miles Barnard Hughes
68%
86 Platoon 1986 Oliver Stone Tom BerengerWillem Dafoe Charlie Sheen Keith David Kevin Dillon John C. McGinley Forest Whitaker Johnny Depp
68%
93 The French Connection 1971 William Friedkin Gene HackmanFernando Rey Roy Scheider Tony Lo Bianco Marcel Bozzuffi
65%
73 Butch Cassidy and the Sundance Kid 1969 George Roy Hill Paul NewmanRobert Redford Katharine Ross Strother Martin Jeff Corey Henry Jones
64%
11 City Lights 1931 Charlie Chaplin Charlie ChaplinVirginia Cherrill Florence Lee Harry Myers Al Ernest Garcia
64%
84 Easy Rider 1969 Dennis Hopper Peter FondaDennis Hopper Jack Nicholson
64%
69 Tootsie 1982 Sydney Pollack Dustin HoffmanJessica Lange Teri Garr Dabney Coleman Charles Durning Bill Murray
64%
51 West Side Story 1961 Robert WiseJerome Robbins Natalie WoodRichard Beymer Russ Tamblyn Rita Moreno George Chakiris
64%
81 Spartacus 1960 Stanley Kubrick Kirk DouglasLaurence Olivier Jean Simmons Charles Laughton Peter Ustinov John Gavin Tony Curtis
63%
36 The Bridge on the River Kwai 1957 David Lean William HoldenAlec Guinness Jack Hawkins Sessue Hayakawa
63%
96 Do the Right Thing 1989 Spike Lee Danny AielloOssie Davis Ruby Dee Richard Edson Giancarlo Esposito Rosie Perez Martin Lawrence Spike Lee Bill Nunn John Turturro John Savage
62%
16 Sunset Boulevard 1950 Billy Wilder William HoldenGloria Swanson Erich von Stroheim Nancy Olson Fred Clark Lloyd Gough Jack Webb
62%
47 A Streetcar Named Desire 1951 Elia Kazan Vivien LeighMarlon Brando Kim Hunter Karl Malden
61%
75 In the Heat of the Night 1967 Norman Jewison Sidney PoitierRod Steiger Warren Oates Lee Grant
61%
87 12 Angry Men 1957 Sidney Lumet Henry FondaLee J. Cobb Ed Begley E.G. Marshall Jack Warden
58%
28 All About Eve 1950 Joseph L. Mankiewicz Bette DavisAnne Baxter George Sanders Celeste Holm Gary Merrill Hugh Marlowe Thelma Ritter Marilyn Monroe
58%
60 Duck Soup 1933 Leo McCarey Groucho MarxHarpo Marx Chico Marx Zeppo Marx Margaret Dumont Louis Calhern Raquel Torres Edgar Kennedy
58%
80 The Apartment 1960 Billy Wilder Jack LemmonShirley MacLaine Fred MacMurray Ray Walston Jack Kruschen David Lewis Willard Waterman David White Hope Holiday Edie Adams
58%
31 The Maltese Falcon 1941 John Huston Humphrey BogartMary Astor Gladys George Peter Lorre Barton MacLane Lee Patrick Sydney Greenstreet
58%
100 Ben-Hur 1959 William Wyler Charlton HestonJack Hawkins Haya Harareet Stephen Boyd Hugh Griffith Martha Scott Cathy O'Donnell Sam Jaffe
57%
64 Network 1976 Sidney Lumet Faye DunawayWilliam Holden Peter Finch Robert Duvall Wesley Addy Ned Beatty Beatrice Straight
57%
65 The African Queen 1951 John Huston Humphrey BogartKatharine Hepburn Robert Morley Peter Bull Walter Gotell Richard Marner Theodore Bikel
57%
54 M*A*S*H 1970 Robert Altman Donald SutherlandElliott Gould Tom Skerritt Sally Kellerman Robert Duvall Roger Bowen René Auberjonois David Arkin
55%
41 King Kong 1933 Merian C. CooperErnest B. Shoedsack Fay WrayRobert Armstrong Bruce Cabot
54%
77 All the President's Men 1976 Alan J. Pakula Dustin HoffmanRobert Redford Jack Warden Martin Balsam Hal Holbrook Jason Robards
53%
12 The Searchers 1956 John Ford John WayneJeffrey Hunter Vera Miles Ward Bond Natalie Wood
53%
27 High Noon 1952 Fred Zinnemann Gary CooperThomas Mitchell Lloyd Bridges Katy Jurado Grace Kelly Otto Kruger Lon Chaney Henry Morgan
52%
26 Mr. Smith Goes to Washington 1939 Frank Capra Jean ArthurJames Stewart Claude Rains Edward Arnold Guy Kibbee Thomas Mitchell Eugene Pallette Beulah Bondi
52%
91 Sophie's Choice 1982 Alan J. Pakula Meryl StreepKevin Kline Peter MacNicol Rita Karin Stephen D. Newman Josh Mostel
51%
46 It Happened One Night 1934 Frank Capra Clark GableClaudette Colbert
49%
78 Modern Times 1936 Charlie Chaplin Charlie ChaplinPaulette Goddard Henry Bergman Tiny Sandford Chester Conklin
49%
29 Double Indemnity 1944 Billy Wilder Fred MacMurrayBarbara Stanwyck Edward G. Robinson Porter Hall Jean Heather Byron Barr Richard Gaines John Philliber
47%
44 The Philadelphia Story 1940 George Cukor Cary GrantKatharine Hepburn James Stewart Ruth Hussey John Howard Roland Young John Halliday Mary Nash Virginia Weidler
46%
59 Nashville 1975 Robert Altman David ArkinBarbara Baxley Ned Beatty Karen Black Ronee Blakley Timothy Brown Geraldine Chaplin Robert DoQui Shelley Duvall Allen Garfield Henry Gibson Scott Glenn Jeff Goldblum Barbara Harris David Hayward Michael Murphy Allan F. Nicholls Dave Peel Cristina Raines Bert Remsen Lily Tomlin Gwen Welles Keenan Wynn
43%
95 The Last Picture Show 1971 Peter Bogdanovich Timothy BottomsJeff Bridges Ellen Burstyn Ben Johnson Cloris Leachman Cybill Shepherd
43%
23 The Grapes of Wrath 1940 John Ford Henry FondaJane Darwell John Carradine Shirley Mills John Qualen Eddie Quillan
42%
18 The General 1927 Clyde BruckmanBuster Keaton Buster KeatonMarion Mack
41%
38 The Treasure of the Sierra Madre 1948 John Huston Humphrey BogartWalter Huston Tim Holt Bruce Bennett
40%
88 Bringing Up Baby 1938 Howard Hawks Katharine HepburnCary Grant Charles Ruggles Barry Fitzgerald May Robson Walter Catlett Fritz Feld
39%
58 The Gold Rush 1925 Charlie Chaplin Charlie ChaplinGeorgia Hale Mack Swain Tom Murray Malcolm Waite
39%
67 Who's Afraid of Virginia Woolf? 1966 Mike Nichols Elizabeth TaylorRichard Burton George Segal Sandy Dennis
39%
85 A Night at the Opera 1935 Sam Wood Groucho MarxChico Marx Harpo Marx Kitty Carlisle Allan Jones
37%
45 Shane 1953 George Stevens Alan LaddJean Arthur Van Heflin Brandon deWilde Jack Palance
36%
79 The Wild Bunch 1969 Sam Peckinpah William HoldenErnest Borgnine Robert Ryan Edmond O'Brien Warren Oates Jaime Sánchez Ben Johnson Emilio Fernández Strother Martin L.Q. Jones
36%
34 Snow White and the Seven Dwarfs 1937 David HandWilliam Cottrell Wilfred Jackson Larry Morey Perce Pearce Ben Sharpsteen Adriana CaselottiLucille La Verne Harry Stockwell Roy Atwell Pinto Colvig Otis Harlan Scotty Mattraw Billy Gilbert Eddie Collins Moroni Olsen Stuart Buchanan
32%
37 The Best Years of Our Lives 1946 William Wyler Myrna LoyFredric March Dana Andrews Teresa Wright Virginia Mayo Harold Russell
32%
98 Yankee Doodle Dandy 1942 Michael Curtiz James CagneyJoan Leslie Walter Huston Richard Whorf Irene Manning George Tobias Rosemary DeCamp Jeanne Cagney Vera Lewis
32%
49 Intolerance 1916 D. W. Griffith Vera LewisRalph Lewis Mae Marsh Robert Harron Constance Talmadge Lillian Gish Josephine Crowell Margery Wilson Frank Bennett Elmer Clifton Miriam Cooper Alfred Paget
31%
82 Sunrise: A Song of Two Humans 1927 F. M. Murnau Janet GaynorGeorge O'Brien Margaret Livingston
30%
61 Sullivan's Travels 1941 Preston Sturges Joel McCreaVeronica Lake Robert Warwick William Demarest Franklin Pangborn
26%
90 Swing Time 1936 George Stevens Fred AstaireGinger Rogers Helen Broderick Victor Moore Betty Furness Eric Blore Georges Metaxa
24%
No matching quizzes found
Score Distribution
Percent of People with Each Score
Percentile by Number Answered
Your Score History
You have not taken this quiz since the last reset